000 00936nam a2200229Ia 4500
001 L269-28701
003 IT-CnALBA
008 170116s9999||||xx |||||||||||||| ||und||
040 _aIT-CnALBA
_cIT-CnALBA
041 _aITALIANO
100 _aLUINI EDOARDO, OFM.
245 0 _aCONOSCERE E VIVERE LA MESSA.
250 _a1a ed.
260 _aCASALE MONFERRATO (AL)
_bPIEMME EDIZIONI
_c1987 [1° Ed.:1987 - Ed.Ling.Originale: 1987]
300 _a162 p.
500 _aLA MESSA, CENA PASQUALE DEL SIGNORE. PAROLA ED EUCARISTIA. PREGHIERA EUCARISTICA. RINGRAZIAMENTO. CONVITO FRATERNO. CONGEDO.
501 _aSocietà San Paolo EM - Piazza San Paolo, 14 - 12051 ALBA (CN) (non commercial uses only) ® Copyright 2017
520 _aLA MESSA, CENA PASQUALE DEL SIGNORE. PAROLA ED EUCARISTIA. PREGHIERA EUCARISTICA. RINGRAZIAMENTO. CONVITO FRATERNO. CONGEDO.
650 _aEVANGELIZZAZIONE
942 _cBK
957 _71
999 _a33470
_bNO
_g Copie: 1
_c287648
_d287648